000 00399nam a2200145Ia 4500
008 240729s9999 xx 000 0 und d
022 _a2663-3663
245 0 _aAdvanced Space Law
260 _aUkraine
260 _bInternational Society of Philosophy and Cosmology (ISPC)
650 _aLaw
856 _uhttps://doaj.org/toc/3b8ad639c4564508b77f24f1e7606fb0
942 _2ddc
942 _cDOAJEJ
999 _c70824
_d70824
945 _a1
_bMadushi Gamage
_c1
_dMadushi Gamage